000 00460 a2200169 4500
003 OSt
005 20231207133558.0
008 231207b |||||||| |||| 00| 0 eng d
020 _a8189645463
020 _a818964551X
040 _coclc
082 _a954.98
_bSYE/W
245 _aWorld infopaedia : Bhutan /
260 _aNew Delhi:
_bPragun publications,
_c2007.
300 _a296p
942 _2ddc
_cBK
_h954.98
_iSYE/W
_k954.98
_mSYE/W
999 _c43743
_d43743